Der dümmste fliegt (Reved) - Alle Teilnehmer - Statistiken

Allgemein
  • Dieses Quiz wurde 182 mal gespielt
  • Das Durchschnittsergebnis liegt bei 17 aus 39
Antwortstatistiken
Teilnahmen Creator % Korrekt
7 Papaplatte
94%
4 BastiGHG
84%
3 LetsHugo
80%
6 Rewinside
76%
1 Reved
75%
2 Zarbex
66%
3 EliasN97
65%
1 JuliaBeautx
63%
2 Trymacs
59%
4 Lunaperuna
58%
6 Rumathra
55%
2 Knossi
54%
8 Niekbeats
54%
6 Honeypuu
53%
2 SidneyEweka
52%
2 Fibii
50%
1 Starletnova
48%
1 Willy
46%
1 UnsympathischTV
43%
2 Filow
41%
1 Wichtiger
40%
1 Rezo
39%
1 Nooreax
37%
1 Rohat
35%
1 NoWay
34%
1 Stegi
33%
2 Chefstrobel
30%
1 Ronny Berger
27%
1 Mango
26%
1 Amar
24%
1 AbuGoku
22%
1 MckyTV
21%
2 Henke
19%
2 Vlesk
18%
1 Veni
15%
1 Dave
14%
1 Hanky
5%
1 Ifas
5%
1 Angeschrien
3%
Keine übereinstimmenden Quizze gefunden
Verteilung der Resultate
Anzahl Personen mit jedem Resultat
Perzentil nach korrekt beantworteten Fragen
Ihre Resultats-Entwicklung
Sie haben dieses Quiz noch nicht gespielt